Higgs : το σωματίδιο του Θεού

Αποθηκεύτηκε σε:
Λεπτομέρειες βιβλιογραφικής εγγραφής
Κύριος συγγραφέας: Sample, Ian
Άλλοι συγγραφείς: Αποστολόπουλος, Νίκος (Μεταφραστής)
Μορφή: Βιβλίο
Γλώσσα:Greek
English
Δημοσίευση: Αθήνα : Τραυλός, 2012.
Θέματα:
Ετικέτες: Προσθήκη ετικέτας
Δεν υπάρχουν, Καταχωρήστε ετικέτα πρώτοι!

MARC

LEADER 00000cam a2200000 i 4500
001 1/25505
008 130206s2012 gr | ||| |||| ||gre||
020 |a 9789606640827  
035 |l 10113655 
040 |a GR-MyUA  |b gre  |e AACR2 
041 1 |a gre  |h eng 
082 0 |a 539.721  |2 (22) 
100 1 |a Sample, Ian. 
245 1 0 |a Higgs :   |b το σωματίδιο του Θεού /   |c Ian Sample ; μετάφραση Νίκος Αποστολόπουλος.  
260 |a Αθήνα :   |b Τραυλός,   |c 2012.  
300 |a 381 σ. ;   |c 21 εκ.  
500 |a Τίτλος πρωτοτύπου: Massive 
504 |a Βιβλιογραφία: σ. 343-347. Ευρετήριο.  
650 0 0 |a Higgs bosons. 
700 1 |a Αποστολόπουλος, Νίκος,  |e trl 
852 |a INST  |b SAMOS  |e 20130206  |h 539.721 SAM  |p 005300033434  |q 005300033434  |t BK  |y 0 
901 |a BIBL3-2013-1 
909 |a Σ  |b 177762 
922 |a 3ΕΛΗ  |b 201012  |c ΤΜΗΜΑ ΜΑΘΗΜΑΤΙΚΩΝ  |d BEST BOOK HUNTERS 
970 |a ΚΟΣΙΕΡΗΣ  |b ΧΡΗΣΤΟΣ  |z 2013/02/06